UConn Women's Basketball: Top 10 All-Time Leaders - Statistics

General Stats
  • This quiz has been taken 90 times
  • The average score is 34 of 92
Answer Stats
Category # Player Amount % Correct
Assists 7 Diana Taurasi 539
91%
Blocks 8 Diana Taurasi 118
91%
Three Pointers Made 7 Diana Taurasi 247
91%
Points Per Game 4 Diana Taurasi 16.2
91%
Points 1 Maya Moore 3,036
91%
Rebounds 2 Maya Moore 1,276
91%
Assists 6 Maya Moore 544
91%
Steals 2 Maya Moore 310
91%
Blocks 7 Maya Moore 204
91%
Three Pointers Made 3 Maya Moore 311
91%
Field Goal Percent 10 Maya Moore 52.5%
91%
Points Per Game 1 Maya Moore 19.7
91%
Games T3 Maya Moore 154
91%
Points 2 Breanna Stewart 2,676
84%
Rebounds 4 Breanna Stewart 1,176
84%
Steals 7 Breanna Stewart 232
84%
Blocks 1 Breanna Stewart 414
84%
Field Goal Percent 8 Breanna Stewart 53.0%
84%
Points Per Game 2 Breanna Stewart 17.6
84%
Games T8 Breanna Stewart 152
84%
Points 3 Napheesa Collier 2,401
50%
Rebounds 3 Napheesa Collier 1,219
50%
Steals 8 Napheesa Collier 230
50%
Blocks 6 Napheesa Collier 251
50%
Field Goal Percent 1 Napheesa Collier 61.3%
50%
Points Per Game 5 Napheesa Collier 16.0
50%
Games T10 Napheesa Collier 150
50%
Points 4 Tina Charles 2,346
50%
Rebounds 1 Tina Charles 1,367
50%
Blocks 3 Tina Charles 304
50%
Field Goal Percent 3 Tina Charles 61.0%
50%
Points Per Game 6 Tina Charles 15.4
50%
Games T8 Tina Charles 152
50%
Field Goal Percent 4 Aaliyah Edwards 59.8%
46%
Blocks 10 Jessica Moore 102
46%
Points 5 Katie Lou Samuelson 2,342
31%
Assists 10 Katie Lou Samuelson 455
31%
Three Pointers Made 2 Katie Lou Samuelson 382
31%
Points Per Game 3 Katie Lou Samuelson 16.7
31%
Rebounds 6 Gabby Williams 1,007
27%
Assists 9 Gabby Williams 482
27%
Steals 3 Gabby Williams 305
27%
Blocks 9 Gabby Williams 103
27%
Field Goal Percent 2 Gabby Williams 61.0%
27%
Rebounds 5 Stefanie Dolson 1,101
23%
Blocks 5 Stefanie Dolson 254
23%
Field Goal Percent 5 Stefanie Dolson 58.8%
23%
Games T3 Stefanie Dolson 154
23%
Points 9 Christyn Williams 1,850
20%
Points Per Game 8 Christyn Williams 14.0
20%
Assists 1 Moriah Jefferson 659
20%
Steals 1 Moriah Jefferson 353
20%
Games 2 Moriah Jefferson 155
20%
Three Pointers Made 4 Kia Nurse 262
19%
Points 10 Tiffany Hayes 1,799
16%
Assists 8 Tiffany Hayes 483
16%
Steals 9 Tiffany Hayes 223
16%
Games T3 Tiffany Hayes 154
16%
Points 7 Bria Hartley 1,996
14%
Assists 4 Bria Hartley 559
14%
Steals 6 Bria Hartley 235
14%
Three Pointers Made 5 Bria Hartley 259
14%
Points Per Game 10 Bria Hartley 13.0
14%
Games 7 Bria Hartley 153
14%
Points 6 Kaleena Mosqueda-Lewis 2,178
13%
Rebounds 10 Kaleena Mosqueda-Lewis 756
13%
Three Pointers Made 1 Kaleena Mosqueda-Lewis 398
13%
Points Per Game 7 Kaleena Mosqueda-Lewis 15.3
13%
Rebounds 7 Olivia Nelson-Ododa 897
13%
Blocks 4 Olivia Nelson-Ododa 262
13%
Field Goal Percent 7 Morgan Tuck 53.5%
11%
Points 8 Renee Montgomery 1,990
11%
Assists 2 Renee Montgomery 632
11%
Steals 5 Renee Montgomery 266
11%
Three Pointers Made 6 Renee Montgomery 254
11%
Points Per Game 9 Renee Montgomery 13.3
11%
Games T10 Renee Montgomery 150
11%
Assists 3 Crystal Dangerfield 599
10%
Steals T10 Crystal Dangerfield 203
10%
Three Pointers Made 8 Crystal Dangerfield 241
10%
Rebounds 9 Kiah Stokes 819
10%
Blocks 2 Kiah Stokes 325
10%
Three Pointers Made 9 Ann Strother 205
6%
Games 1 Kalana Greene 157
4%
Three Pointers Made 10 Mel Thomas 198
3%
Field Goal Percent 9 Barbara Turner 52.8%
1%
Field Goal Percent 6 Charde Houston 54.0%
1%
Rebounds 8 Kelly Faris 821
1%
Assists 5 Kelly Faris 545
1%
Steals 4 Kelly Faris 294
1%
Games T3 Kelly Faris 154
1%
Steals T10 Ketia Swanier 203
0%
No matching quizzes found
Score Distribution
Percent of People with Each Score
Percentile by Number Answered
Your Score History
You have not taken this quiz